000 00534nam a2200181Ia 4500
008 090123s9999 xx 000 0 und d
082 _b40716
100 _aगोखले निर्मला
245 _aमाणूसपण
250 _a0
260 _bपारस पब्लिकेशन्स
_c2006
300 _a236
600 _aगोखले निर्मला
630 _aमाणूसपण
700 _aगोखले निर्मला
730 _aमाणूसपण
942 _cBOOK
999 _c78792
_d78792